Percepciones del profesorado sobre la inclusión : (Record no. 200000)
[ view plain ]
| 000 -CABECERA | |
|---|---|
| campo de control de longitud fija | 02102cab a2200313 ab4500 |
| 005 - FECHA Y HORA DE LA ÚLTIMA TRANSACCIÓN | |
| campo de control | 20240927104136.0 |
| 008 - ELEMENTOS DE LONGITUD FIJA--INFORMACIÓN GENERAL | |
| campo de control de longitud fija | 991125c2016 sp tr p o 000 0 spa d |
| 035 ## - NÚMERO DE CONTROL DEL SISTEMA | |
| Número de control de sistema | UPN01000227905 |
| 040 ## - FUENTE DE LA CATALOGACIÓN | |
| Centro catalogador/agencia de origen | MX-MxUPN |
| Lengua de catalogación | spa |
| Centro/agencia transcriptor | MX-MxUPN |
| Normas de descripción | aacr2 |
| 049 ## - COLECCIÓN | |
| Colección | ART-E |
| 100 1# - ASIENTO PRINCIPAL--NOMBRE PERSONAL | |
| Nombre de persona | González Gil, Francisca |
| Enlace | - emapa@usal.es |
| 100 1# - ASIENTO PRINCIPAL--NOMBRE PERSONAL | |
| Nombre de persona | Martín Pastor, Elena |
| 100 1# - ASIENTO PRINCIPAL--NOMBRE PERSONAL | |
| Nombre de persona | Poy, Raquel |
| 100 1# - ASIENTO PRINCIPAL--NOMBRE PERSONAL | |
| Nombre de persona | Jenaro, Cristina |
| 245 10 - MENCIÓN DE TÍTULO | |
| Título | Percepciones del profesorado sobre la inclusión : |
| Resto del título | estudio preliminar |
| Medio | [recurso electrónico en línea] |
| 506 0# - NOTA DE RESTRICCIONES AL ACCESO | |
| Limitaciones de acceso | Acceso abierto |
| 520 3# - NOTA DE RESUMEN, ETC. | |
| Sumario, etc. | Todo sistema educativo debe tener como prioridad la atención y respuesta a las diferentes necesidades de sus alumnos, potenciando sus capacidades y facilitando la adquisición de los aprendizajes establecidos para cada etapa educativa. Numerosos estudios consideran al profesorado una pieza clave en este proceso, lo que nos lleva a reflexionar sobre el grado en que los docentes se encuentran preparados para asumir este reto. Así, el objetivo del presente estudio es analizar las actitudes y las necesidades formativas de los docentes respecto a las culturas, políticas y prácticas inclusivas. Para ello se elaboró un cuestionario ad hoc que fue aplicado a 402 profesionales de la educación de Castilla y León. Los resultados muestran la existencia de necesidades relacionadas en general con la transformación de las escuelas en centros educativos inclusivos, y en particular, con la formación en metodologías de trabajo más inclusivas, y estrategias para abordar todo el proceso. REIFOP |
| 650 #4 - ASIENTO SECUNDARIO DE MATERIA - TERMINO TEMATICO | |
| 9 (RLIN) | 7100 |
| Término de materia o nombre geográfico como elemento de entrada | Educación inclusiva |
| 653 0# - TERMINO DE INDIZACION - NO CONTROLADO | |
| Término no controlado | Formación docente |
| 653 0# - TERMINO DE INDIZACION - NO CONTROLADO | |
| Término no controlado | Actitudes docentes |
| 653 0# - TERMINO DE INDIZACION - NO CONTROLADO | |
| Término no controlado | Políticas educativas |
| 653 0# - TERMINO DE INDIZACION - NO CONTROLADO | |
| Término no controlado | Práctica educativa |
| 773 ## - ENLACE AL DOCUMENTO FUENTE/ENTRADA DE REGISTRO ANFITRIÓN | |
| Lugar, editor y fecha de publicación | Vol. 19, no. 3 (2016), p. 11-24 |
| Título | REIFOP: revista electrónica interuniversitaria de formación del profesorado |
| Número Internacional Normalizado para Publicaciones Seriadas | 1575-0965 |
| 856 4# - LOCALIZACIÓN Y ACCESO ELECTRÓNICOS | |
| Identificador Uniforme del Recurso | <a href="https://revistas.um.es/reifop/article/view/219321">https://revistas.um.es/reifop/article/view/219321</a> |
| 856 4# - LOCALIZACIÓN Y ACCESO ELECTRÓNICOS | |
| Identificador Uniforme del Recurso | <a href="http://dx.doi.org/10.6018/reifop.19.3.219321">http://dx.doi.org/10.6018/reifop.19.3.219321</a> |
| 902 ## - ELEMENTOS DE DATOS B LOCAL, LDB (RLIN) | |
| Creó | Leonor Sotres/270924 |
| 905 ## - TIPO DE MATERIAL | |
| Tipo de material | Articulo |
| 942 ## - ELEMENTOS DE PUNTO DE ACCESO ADICIONAL (KOHA) | |
| Tipo de ítem Koha | Artículo Electrónico |
| Estado de retiro | Estado de pérdida | Estado dañado | No para préstamo | Código de colección | Localización permanente | Ubicación/localización actual | Ubicación en estantería | Fecha de adquisición | Total de préstamos | Fecha visto por última vez | Identificador Uniforme del Recurso | Precio válido a partir de | Tipo de ítem Koha |
|---|---|---|---|---|---|---|---|---|---|---|---|---|---|
| Acceso abierto | Bib. Gregorio Torres Quintero | Bib. Gregorio Torres Quintero | En línea | 27/09/2024 | 27/09/2024 | https://revistas.um.es/reifop/article/view/219321 | 27/09/2024 | Artículo Electrónico |
